| Tag |
First Indicator |
Second Indicator |
Subfields |
| LEADER |
00000cam a2200000 4500 |
| 001 |
in00000209484 |
| 005 |
20151009054747.0 |
| 008 |
791107s1956 nyuaf e 00000 eng d |
| 035 |
|
|
|a (OCoLC)05659980
|
| 035 |
|
|
|9 AAW8879AM
|
| 040 |
|
|
|a TXA
|c TXA
|d UtOrBLW
|
| 049 |
|
|
|a TXAM
|c [450763]
|
| 090 |
|
|
|a N31
|b .P4 no. 8
|
| 100 |
1 |
|
|a Mathey, J. F.
|q (J. François)
|
| 245 |
1 |
0 |
|a Van Gogh ;
|b Auvers-sur-Oise.
|
| 264 |
|
1 |
|a New York :
|b Tudor Publishing Co.,
|c [1956]
|
| 300 |
|
|
|a 16 unnumbered pages :
|b illustrations, 15 color plates.
|
| 336 |
|
|
|a text
|b txt
|2 rdacontent
|
| 337 |
|
|
|a unmediated
|b n
|2 rdamedia
|
| 338 |
|
|
|a volume
|b nc
|2 rdacarrier
|
| 490 |
1 |
|
|a Petite encyclopedie de l'art,
|v 8
|
| 600 |
1 |
0 |
|a Gogh, Vincent van,
|d 1853-1890.
|
| 650 |
|
0 |
|a Art
|x Dictionaries and encyclopedias.
|
| 830 |
|
0 |
|a Petite encyclopedie de l'art ;
|v 8.
|
| 999 |
|
|
|a MARS
|
| 999 |
f |
f |
|s 90f53518-95ad-3768-9dd2-49e8deac1cda
|i 513e70b6-d413-3987-9330-5a21b2fdcd1e
|t 0
|
| 952 |
f |
f |
|p normal
|a Texas A&M University
|b College Station
|c Sterling C. Evans Library
|d Evans: Library Stacks
|t 0
|e N31 .P4 no. 8
|h Library of Congress classification
|i unmediated -- volume
|m A14803374675
|
| 998 |
f |
f |
|a N31 .P4 no. 8
|t 0
|l Evans: Library Stacks
|